000
00312nam a22001217a 4500
020
_a
07-084407-0
082
_a
621.381 RIC'E
100
_a
RICHARDS, C. J
_9
78951
245
_a
ELECTRONICS DISPLAY AND DATA SYSTEMS CONSTRUCTIONAL PRACTICE
260
_a
LONDON
_b
MCGRAW HILL
_c
1973
300
_a
459P
942
_c
BK
999
_c
584022
_d
584022